| 000 | 00931nam a22002537a 4500 | ||
|---|---|---|---|
| 999 |
_c63515 _d63515 |
||
| 005 | 20240530110645.0 | ||
| 008 | 171011s2016 ua g b 000 0 ara d | ||
| 017 |
_a15510 _bمصر. دار الكتب |
||
| 020 | _a977327294X | ||
| 040 |
_aEG-CaGPL _cEG-CaGPL |
||
| 082 | 0 | 4 |
_221 _a111.85\ _bر ج |
| 100 | 0 | _aرمضان الصباغ | |
| 245 | 1 | 0 |
_aجماليات الفن الاطار الاخلاقى والاجتماعى / _cرمضان الصباغ |
| 260 |
_aالاسكندرية : _bدار الوفاء لدنيا الطباعة و النشر ، _c2016. |
||
| 300 |
_a374 ص. ؛ _c24 سم. |
||
| 504 | _aيشتمل على ارجاعات ببليوجرافية | ||
| 650 | 0 | 7 |
_2qrmak _aعلم النفس الجمالى |
| 650 | 0 | 7 |
_2qrmak _aالجمال - علم |
| 650 | 0 | 7 |
_2qrmak _aالفلسفة |
| 650 | 0 | 7 |
_2qrmak _aالفن |
| 651 | _2qrmak | ||
| 942 |
_2ddc _cBK |
||